| 000 | 01076nkm a22002537a 4500 | ||
|---|---|---|---|
| 008 | 110920s2010 nyu||||| |||| 001 0 eng d | ||
| 020 | _a0071628797 | ||
| 020 | _a9780071628792 | ||
| 082 |
_222 _a616.01 _bSOM |
||
| 100 |
_927323 _aSomers, Kenneth D. |
||
| 245 |
_aLange Flash Cards _bMicrobiology & Infectious Diseases / _cKenneth D. Somers and Stephen A. Morse. _h[flash card] : |
||
| 246 | _aMicrobiology & Infectious Diseases | ||
| 250 | _a2nd ed. | ||
| 260 |
_aNew York : _bMcGraw-Hill Medical, 2010. _c2010 |
||
| 300 |
_a200 flash cards : _bdouble sided, col. ; _c11 x 16 cm. |
||
| 500 | _aIncludes index | ||
| 650 |
_912324 _aMedical microbiology |
||
| 650 |
_927321 _aMedical microbiology _vExaminations, questions, etc. |
||
| 650 |
_927322 _aMedical microbiology _vOutlines, syllabi, etc. |
||
| 653 |
_bNUR _cSeptember2011 |
||
| 700 |
_927324 _aMorse, Stephen A. |
||
| 942 |
_2ddc _cFC |
||
| 999 |
_c16067 _d16067 |
||